| 000 | 00724nam a2200277Ia 4500 | ||
|---|---|---|---|
| 008 | 170203s9999 xx 000 0 und d | ||
| 020 | _a0-439219469 | ||
| 050 | _aFic | ||
| 050 | _bG795m | ||
| 100 | _aGreenburg, Dan. | ||
| 245 | _aMaximum Boy, starring in Superhero-- or super thief? / | ||
| 245 | _cby Dan Greenburg ; illustrations by Greg Swearingen. | ||
| 260 | _aNew York : | ||
| 260 | _bScholastic, | ||
| 260 | _c©2001. | ||
| 300 | _a110 pages : | ||
| 300 | _billustrations ; | ||
| 300 | _c20 cm. | ||
| 500 | _a"A little apple paperback." | ||
| 650 | _aHeroes -- | ||
| 650 | _aHeroes. | ||
| 650 | _aTime travel -- | ||
| 650 | _aTime travel. | ||
| 650 | _xFiction. | ||
| 650 | _xFiction. | ||
| 999 |
_c306429 _d306429 |
||